| 000 | 00525nam a2200157Ia 4500 | ||
|---|---|---|---|
| 008 | 130821s1975 ck gr spa | ||
| 040 |
_aCo-BoUCM _bspa |
||
| 041 | 0 | 0 | _aspa |
| 100 | 1 | 0 |
_aCobo Cayon, Juan Fernando _974607 |
| 245 | 0 | 0 |
_aDerecho aeronáutico _cJuan Fernando Cobo Cayón. |
| 260 |
_aBogotá (Colombia) _b[Editorial desconocida] _c1975 |
||
| 300 | _a1 volúmenes | ||
| 650 | 0 | 4 |
_aDerecho aéreo _xLegislación _zColombia _912699 |
| 942 |
_cLIBRO _a8 _e1 _mC61 _2DEWEY _h348.51 |
||
| 999 |
_c20359 _d20359 |
||